000 01268nam0a2200301 i 4500
001 RU\NLR\BIBL_A\010415850
005 20260407095142.0
021 _aRU
_b2014-36449
_92222
035 _a(NILC)RuMoRGB-007498360
035 _a(NLR Aleph) 010415850
090 _a9788489
_c9788489
100 _a20140715d2013 u y0rusy50 ca
101 0 _arus
102 _aRU
105 _ay|||z|||001yy
200 1 _aБезопасность жизнедеятельности
_eядерное оружие. Ядерный очаг
_fМинобрнауки России, Дагест. гос. ун-т
_g[сост.: Гусейнова С.А., проф. и др.]
210 _aМахачкала
_cИзд-во ДГУ
_d2013
215 _a20 с.
_d21
320 _aБиблиогр.: с. 19 (7 назв.)
606 _aЯдерное оружие
_92150043
_3RU\NLR\AUTH\661294894
686 1 _aЦ901
702 1 _aГусейнова
_bС. А.
_gСакинат Аликадиевна
_4220
712 0 2 _4570
_aДагестанский государственный университет
_cМахачкала
_3RU\NLR\AUTH\889921960
_9339977
801 0 _aRU
_bРГБ
_c20140528
_gRCR
942 _cBOOK
980 _aNBR